000 00245nam a2200097Ia 4500
008 230915s9999 xx 000 0 und d
050 _aHB 172.5. B37 2008
100 _aRobert J. Barro
245 0 _amacroeconomics: a modern approach
942 _cBK
999 _c74006
_d74006